New Foods by Decade Quiz Stats

 Plays Quiz Updated May 9, 2013

Challenge
Share
Tweet
Embed
Score 0/13 Timer 04:00
2 Plays Today
% Correct
2000s
66.2%
1990s
61.8%
1980s
57.4%
1970s
39.7%
1960s
34.5%
1950s
32.1%
1880s
24.3%
1940s
23.2%
1930s
21.7%
1910s
17%
1900s
15.5%
1920s
15.4%
1890s
14.5%

You're not logged in!

Compare scores with friends on all Sporcle quizzes.
OR
Log In

You Might Also Like...

Show Comments

Extras

Top Quizzes Today


Score Distribution

Your Account Isn't Verified!

In order to create a playlist on Sporcle, you need to verify the email address you used during registration. Go to your Sporcle Settings to finish the process.

Report this User

Report this user for behavior that violates our Community Guidelines.

Details: